National Security Advisors Quiz Stats

 Plays Quiz Updated Apr 9, 2018

Score 0/27 Timer 06:00
0 Plays Today
President Advisor % Correct
TrumpH. R. McMaster
75.9%
BushCondoleezza Rice
65.7%
ObamaSusan Rice
64.1%
TrumpMichael Flynn
58.1%
Nixon, FordHenry Kissinger
48.2%
ReaganColin Powell
44%
TrumpJohn Bolton
35.1%
ObamaJames L. Jones
29.9%
FordBrent Scowcroft
22.7%
BushBrent Scowcroft
22.7%
CarterZbigniew Brzezinski
21.5%
Kennedy, JohnsonMcGeorge Bundy
20.4%
EisenhowerWilliam H. Jackson
17.8%
ReaganJohn Poindexter
16%
President Advisor % Correct
BushStephen Hadley
15.5%
ClintonSandy Berger
15%
ReaganWilliam P. Clark
14.1%
ClintonAnthony Lake
13.9%
ReaganFrank Carlucci
13.1%
ReaganRobert McFarlane
12.6%
ReaganRichard V. Allen
12.4%
EisenhowerDillon Anderson
12.2%
JohnsonWalt W. Rostow
11.5%
EisenhowerRobert Cutler
11.1%
EisenhowerRobert Cutler
11.1%
ObamaTom Donilon
10.9%
EisenhowerGordon Gray
9.8%

You're not logged in!

Compare scores with friends on all Sporcle quizzes.
OR
Log In

Sporcle TV

Today on Sporcle TV


Watch our educational content, quiz creation guides, and fun videos on Sporcle TV.

Show Comments

Extras

Top Quizzes Today


Score Distribution

Your Account Isn't Verified!

In order to create a playlist on Sporcle, you need to verify the email address you used during registration. Go to your Sporcle Settings to finish the process.

Report this User

Report this user for behavior that violates our Community Guidelines.

Details: